ნორმალური ფორმატი
MARC ფორმატი
ჩანაწერი Personal Name
ჩანაწერთა რაოდენობა, რომელიც გამოყენებულია: 1
001 - CONTROL NUMBER
- control field: 4385
003 - CONTROL NUMBER IDENTIFIER
- control field: GE_BSU
005 - DATE AND TIME OF LATEST TRANSACTION
- control field: 20190930121533.0
008 - FIXED-LENGTH DATA ELEMENTS
- fixed length control field: 190930|| aca||aabn | a|a d
040 ## - CATALOGING SOURCE
- Original cataloging agency: GE_BSU
- Transcribing agency: GE_BSU
100 ## - HEADING--PERSONAL NAME
- Personal name: ციციაშვილი, აბონ
670 ## - SOURCE DATA FOUND
- Source citation: Work cat.: (GE_BSU)38059: ციციაშვილი, აბონ , გარემო ჩვენი არსობისა :
